Normal view
MARC view
- Rattan, S.S .
Entry Personal Name
001 - CONTROL NUMBER
- control field: 1335
003 - CONTROL NUMBER IDENTIFIER
- control field: OSt
005 - DATE AND TIME OF LATEST TRANSACTION
- control field: 20160827123300.0
008 - FIXED-LENGTH DATA ELEMENTS
- fixed length control field: 160827|| aca||aabn | a|a d
040 ## - CATALOGING SOURCE
- Original cataloging agency: OSt
- Transcribing agency: OSt
100 ## - HEADING--PERSONAL NAME
- Personal name: Rattan, S.S .
670 ## - SOURCE DATA FOUND
- Source citation: Work cat.: (OSt)13011: Rattan, S.S ., Theory of Machines / , 2005,2012
